International routes from İzmir Adnan Menderes Airport (ADB) - Statistics

General Stats
  • This quiz has been taken 25 times
    6 since last reset
  • The average score is 140 of 143
Answer Stats
Airline International Route Country % Correct
Sun Express Abu Dhabi United Arab Emirates
100%
Sun Express Aleppo Syria
100%
Pegasus Airlines Amman Jordan
100%
Corendon Airlines | Sun Express | TUI fly Netherlands Amsterdam Netherlands
100%
Aegean Airlines | Sun Express Athens Greece
100%
Azerbaijan Airlines | Pegasus Airlines Baku Azerbaijan
100%
Sun Express Barcelona Spain
100%
Pegasus Airlines | Sun Express Basel France/Switzerland
100%
Sun Express Beirut Lebanon
100%
A Jet | Air Serbia Belgrade Serbia
100%
Corendon Airlines | Pegasus Airlines | Sun Express Berlin Germany
100%
Jet2.com | Sun Express Birmingham United Kingdom
100%
Sun Express Bremen Germany
100%
Jet2.com Bristol United Kingdom
100%
Corendon Airlines | Freebird Airlines | Sun Express | TUI fly Belgium Brussels Belgium
100%
Sun Express Budapest Hungary
100%
Corendon Airlines | Eurowings | Pegasus Airlines | Sun Express Cologne Germany
100%
Pegasus Airlines | Sun Express Copenhagen Denmark
100%
Sun Express Cork Ireland
100%
Sun Express Dortmund Germany
100%
Sun Express Dubai-International United Arab Emirates
100%
Air Lingus | Sun Express Dublin Ireland
100%
Corendon Airlines | Eurowings | Pegasus Airlines | Sun Express Dusseldorf Germany
100%
Jet2.com Edinburgh United Kingdom
100%
Sun Express Eindhoven Netherlands
100%
Fly Kirbis Airlines | Pegasus Airlines | Sun Express Ercan Cyprus
100%
Corendon Airlines | Pegasus Airlines | Sun Express Frankfurt Germany
100%
Enter Air Gdansk Poland
100%
Sun Express Geneva Switzerland
100%
Jet2.com Glasgow United Kingdom
100%
Corendon Airlines | Pegasus Airlines | Sun Express Hamburg Germany
100%
Corendon Airlines | Sun Express Hannover Germany
100%
Pegasus Airlines | Saudia Jeddah Saudi Arabia
100%
Enter Air | LOT Polish Airlines | Smartwings Katowice Poland
100%
Pegasus Airlines Krakow Poland
100%
Jet2.com Leeds United Kingdom
100%
EasyJet | Sun Express London-Gatwick United Kingdom
100%
British Airways London-Heathrow United Kingdom
100%
EasyJet London-Luton United Kingdom
100%
Jet2.com | Pegasus Airlines | Sun Express London-Stansted United Kingdom
100%
Luxair Luxembourg Luxembourg
100%
Transavia Lyon France
100%
Sun Express Madrid Spain
100%
EasyJet | Jet2.com | Sun Express Manchester United Kingdom
100%
Freebird Airlines Medina Saudi Arabia
100%
Sun Express Milan-Malpensa Italy
100%
Belavia Minsk Belarus
100%
Pegasus Airlines Moscow-Domodedovo Russia
100%
I-Fly Moscow-Vnukovo Russia
100%
Corendon Airlines | Pegasus Airlines | Sun Express Munich Germany
100%
Sun Express Nantes France
100%
Jet2.com Newcastle United Kingdom
100%
Corendon Airlines | Pegasus Airlines | Sun Express Nuremburg Germany
100%
Sun Express Oslo Norway
100%
Corendon Airlines | Sun Express Paris-Charles de Gaulle France
100%
Transavia Paris-Orly France
100%
Sun Express Plovdiv Bulgaria
100%
Pegasus Airlines Podgorica Montenegro
100%
Enter Air | Smartwings Poznan Poland
100%
Smartwings | Sun Express Prague Czechia
100%
Sun Express Pristina Kosovo
100%
Saudia Riyadh Saudi Arabia
100%
Sun Express Rome-Fiumicino Italy
100%
Sun Express Rotterdam Netherlands
100%
Sun Express Rovaniemi Finland
100%
Sun Express Saint Petersburg Russia
100%
Sun Express Sarajevo Bosnia and Herzegovina
100%
Sun Express Sharm El Sheikh Egypt
100%
Pegasus Airlines | Sun Express Skopje North Macedonia
100%
Sun Express Sofia Bulgaria
100%
Sun Express Stockholm-Arlanda Sweden
100%
Corendon Airlines | Eurowings | Pegasus Airlines | Sun Express Stuttgart Germany
100%
Pegasus Airlines | Sun Express Tbilisi Georgia
100%
A Jet Tehran Iran
100%
Caspian Airlines | Iran Airtour | Meraj Airlines Tehran-Imam Khomeini Iran
100%
Sun Express Tel Aviv Israel
100%
Aegean Airlines Thessaloniki Greece
100%
Sun Express Tirana Albania
100%
Air Montenegro Tivat Montenegro
100%
Sun Express Venice Italy
100%
Corendon Airlines | Pegasus Airlines | Sun Express Vienna Austria
100%
GetJet Airlines Vilnius Lithuania
100%
Enter Air | LOT Polish Airlines | Sun Express Warsaw-Chopin Poland
100%
Pegasus Airlines | Sun Express Zurich Switzerland
100%
Jet2.com East Midlands United Kingdom
50%
TUI fly Belgium Ostend Belgium
50%
Sun Express Samarkand Uzbekistan
50%
Sun Express Saarbucken Germany
0%
Smartwings Warsaw-Chopin Poland
0%
No matching quizzes found
Score Distribution
Percent of People with Each Score
Percentile by Number Answered
Your Score History
You have not taken this quiz since the last reset